[Event "ECCC 2013"]
[Site "Rhodes"]
[Date "2013.10.21"]
[Round "2"]
[White "Wegerle, Joerg"]
[Black "Pruijssers, Roeland"]
[Result "0-1"]
[WhiteElo "2438"]
[BlackElo "2529"]
[PlyCount "148"]
[EventDate "2013.10.20"]
[EventType "team"]
[EventRounds "7"]
[EventCountry "GRE"]
[WhiteTeam "Schachgesellschaft Solingen"]
[BlackTeam "Accres Apeldoorn"]

1. e4 e5 2. Nf3 d6 3. d4 exd4 4. Nxd4 Nf6 5. Nc3 Be7 6. Be2 O-O 7. O-O Re8 8.
Re1 Bf8 9. Bf3 Nbd7 10. g3 g6 11. Bg2 c6 12. b3 Nc5 13. Bb2 Qb6 14. Qd2 Bg7 15.
Rad1 Bg4 16. Rb1 Rad8 17. a3 h5 18. b4 Ne6 19. Nxe6 Bxe6 20. h3 Qc7 21. Qf4 Nd7
22. Ne2 Ne5 23. Nd4 Bc8 24. Nf3 Nxf3+ 25. Qxf3 Bxb2 26. Rxb2 d5 27. Rbb1 dxe4
28. Rxe4 Bf5 29. Re2 Qd7 30. Rxe8+ Rxe8 31. Rd1 Qe6 32. Qc3 Bxh3 33. Bxh3 Qxh3
34. Re1 Rxe1+ 35. Qxe1 Qe6 36. Qc3 Kh7 37. Qd4 b6 38. c4 Qg4 39. Qc3 h4 40. c5
hxg3 41. fxg3 bxc5 42. bxc5 Qd1+ 43. Kh2 Qd5 44. Qa5 Qd7 45. Qb4 Kg7 46. a4 g5
47. a5 Qd3 48. Qb2+ Kg6 49. Qg2 Qd7 50. Qe4+ Kf6 51. Qf3+ Kg7 52. a6 Qe6 53.
Qc3+ Qf6 54. Qe3 g4 55. Kg1 Qa1+ 56. Kf2 Qa2+ 57. Kg1 Qb1+ 58. Kh2 Qa2+ 59. Kg1
Qd5 60. Qe7 Kg6 61. Qxa7 Qd1+ 62. Kh2 Qe2+ 63. Kg1 Qe3+ 64. Kh2 Qf2+ 65. Kh1
Qf1+ 66. Kh2 Qh3+ 67. Kg1 Qxg3+ 68. Kf1 Qf3+ 69. Ke1 g3 70. Qa8 Kh7 71. Qd8
Qf2+ 72. Kd1 g2 73. Qd3+ Kg7 74. Qc3+ f6 0-1

[Event "ECCC 2013"]
[Site "Rhodes"]
[Date "2013.10.21"]
[Round "2"]
[White "Boel, Marcel"]
[Black "Kniest, Oliver"]
[Result "0-1"]
[WhiteElo "2231"]
[BlackElo "2305"]
[PlyCount "112"]
[EventDate "2013.10.20"]
[EventType "team"]
[EventRounds "7"]
[EventCountry "GRE"]
[WhiteTeam "Accres Apeldoorn"]
[BlackTeam "Schachgesellschaft Solingen"]

1. Nf3 Nf6 2. d4 e6 3. c4 b6 4. Nc3 Bb4 5. e3 Bb7 6. Be2 O-O 7. a3 Bxc3+ 8.
bxc3 Ne4 9. Qc2 f5 10. O-O d6 11. Ne1 Qh4 12. f3 Ng5 13. Nd3 Rf6 14. g3 Nh3+
15. Kg2 Qh5 16. Nf2 Rh6 17. Rh1 g5 18. d5 Nd7 19. e4 Nxf2 20. Kxf2 fxe4 21.
fxe4 Rf6+ 22. Ke1 Qg6 23. Ra2 Re8 24. Be3 exd5 25. Bd4 Rfe6 26. Kd1 Qxe4 27.
Qxe4 dxe4 28. Bg4 R6e7 29. Be3 h6 30. h4 Nf6 31. Be2 g4 32. Rf1 Nh5 33. Bxg4
Ng7 34. Bxh6 Ba6 35. Be2 Rf7 36. Rxf7 Kxf7 37. Bf4 Kf6 38. Bg5+ Ke5 39. Bf4+
Kf6 40. Bg5+ Kg6 41. g4 Rh8 42. a4 Ne6 43. a5 Bc8 44. axb6 axb6 45. Ra8 Nxg5
46. hxg5 Kxg5 47. Kd2 Kf4 48. Ra1 Bxg4 49. Bxg4 Kxg4 50. Rf1 Rh3 51. Rf7 Rd3+
52. Kc2 c5 53. Rb7 Kf3 54. Rxb6 Ke2 55. Rb1 Rd2+ 56. Kb3 Rd1 0-1

[Event "ECCC 2013"]
[Site "Rhodes"]
[Date "2013.10.21"]
[Round "2"]
[White "Gupta, Milon"]
[Black "Van Der Elburg, Freddie"]
[Result "0-1"]
[WhiteElo "2287"]
[BlackElo "2196"]
[PlyCount "110"]
[EventDate "2013.10.20"]
[EventType "team"]
[EventRounds "7"]
[EventCountry "GRE"]
[WhiteTeam "Schachgesellschaft Solingen"]
[BlackTeam "Accres Apeldoorn"]

1. Nf3 d6 2. d4 f5 3. g3 Nf6 4. Bg2 g6 5. b4 Bg7 6. Bb2 O-O 7. c4 Nc6 8. b5 Na5
9. Qd3 a6 10. a4 Ne4 11. Nbd2 c6 12. O-O d5 13. bxc6 bxc6 14. Rab1 Be6 15. c5
f4 16. Ne1 Nxd2 17. Qxd2 Nc4 18. Qc3 g5 19. Nd3 Bg4 20. Rfe1 Rb8 21. Rbd1 Qc7
22. Ba1 Qb7 23. Qc1 fxg3 24. hxg3 h6 25. Bc3 Bh5 26. Qa1 Qd7 27. Rb1 Rxb1 28.
Qxb1 Bg6 29. Qa2 Qg4 30. Qa1 a5 31. Bf3 Rxf3 32. exf3 Qxf3 33. Ne5 Bxe5 34.
dxe5 Be4 35. Rxe4 Qxe4 36. Qd1 Nxe5 37. Bxe5 Qxe5 38. Qh5 Kg7 39. Qe8 Qe1+ 40.
Kg2 Qe4+ 41. Kg1 d4 42. Qd8 d3 43. Qxa5 Qe2 44. Qc3+ Kg6 45. Qc4 e6 46. a5 Qe1+
47. Kg2 d2 48. Qd3+ Kf6 49. Qd4+ e5 50. Qd6+ Kf5 51. Qd7+ Ke4 52. Qxc6+ Kd3 53.
Qd5+ Kc3 54. c6 d1=Q 55. Qc5+ Kb2 0-1

[Event "ECCC 2013"]
[Site "Rhodes"]
[Date "2013.10.21"]
[Round "2"]
[White "Van Dommelen, Martin"]
[Black "Peschel, Andreas"]
[Result "1-0"]
[WhiteElo "2100"]
[BlackElo "2106"]
[PlyCount "89"]
[EventDate "2013.10.20"]
[EventType "team"]
[EventRounds "7"]
[EventCountry "GRE"]
[WhiteTeam "Accres Apeldoorn"]
[BlackTeam "Schachgesellschaft Solingen"]

1. e4 g6 2. Nc3 Bg7 3. f4 c6 4. Bc4 d5 5. exd5 b5 6. Be2 b4 7. Ne4 cxd5 8. Nf2
Nf6 9. Nf3 O-O 10. O-O Nc6 11. a3 bxa3 12. Rxa3 Ng4 13. Nxg4 Bxg4 14. Ne5 Nxe5
15. fxe5 Bxe2 16. Qxe2 e6 17. d4 Qb6 18. c3 a5 19. Bg5 Rfb8 20. Rf2 Ra7 21. Qf3
Qc7 22. h4 a4 23. h5 Bf8 24. hxg6 hxg6 25. Bf6 Bg7 26. Qh3 Bxf6 27. exf6 Qd8
28. g4 Rab7 29. Rxa4 e5 30. g5 Qc8 31. Qxc8+ Rxc8 32. dxe5 Rbb8 33. Rd4 Rb5 34.
Rfd2 Rcc5 35. Rh4 Rc4 36. Rxc4 dxc4 37. Rd8+ Kh7 38. e6 Rxg5+ 39. Kh2 Rh5+ 40.
Kg3 Rg5+ 41. Kh4 Rh5+ 42. Kg4 Re5 43. exf7 Rg5+ 44. Kf4 Rf5+ 45. Ke4 1-0

[Event "ECCC 2013"]
[Site "Rhodes"]
[Date "2013.10.21"]
[Round "2"]
[White "Grant, Jonathan I M"]
[Black "Lubczynski, Rafal"]
[Result "1/2-1/2"]
[WhiteElo "2236"]
[BlackElo "2432"]
[PlyCount "81"]
[EventDate "2013.10.20"]
[EventType "team"]
[EventRounds "7"]
[EventCountry "GRE"]
[WhiteTeam "Edinburgh West Chess Club"]
[BlackTeam "Sautron"]

1. c4 Nf6 2. g3 c6 3. Bg2 d5 4. Nf3 dxc4 5. Na3 Be6 6. Ng5 Bd5 7. e4 h6 8. exd5
hxg5 9. dxc6 Nxc6 10. Qa4 Rc8 11. O-O Ng4 12. d4 Qxd4 13. h3 Nge5 14. Rd1 Qb6
15. Nxc4 Nxc4 16. Qxc4 e6 17. Be3 Qb4 18. Qd3 Ne5 19. Qe2 Qc4 20. Qxc4 Nxc4 21.
Rac1 Ke7 22. Bxa7 Kf6 23. Rd3 Be7 24. Rdc3 b5 25. b3 Nd6 26. Bc5 Kg6 27. Bd4 b4
28. Rxc8 Rxc8 29. Rxc8 Nxc8 30. Kf1 Bd6 31. Ke2 e5 32. Be3 f5 33. Kd3 f4 34.
Be4+ Kf6 35. Bd2 Bc5 36. Be1 Nd6 37. g4 Ke6 38. f3 Kf6 39. Bd2 Ke6 40. Bc6 Kf6
41. Bd5 1/2-1/2

[Event "ECCC 2013"]
[Site "Rhodes"]
[Date "2013.10.21"]
[Round "2"]
[White "Neave, George"]
[Black "Delorme, Alban"]
[Result "0-1"]
[WhiteElo "2151"]
[BlackElo "2283"]
[PlyCount "54"]
[EventDate "2013.10.20"]
[EventType "team"]
[EventRounds "7"]
[EventCountry "GRE"]
[WhiteTeam "Edinburgh West Chess Club"]
[BlackTeam "Sautron"]

1. e4 c5 2. Nf3 b6 3. d4 cxd4 4. Nxd4 Bb7 5. Nc3 a6 6. Be3 e6 7. Qd2 Bb4 8. f3
Qc7 9. a3 Be7 10. O-O-O h5 11. Nb3 Nf6 12. Na4 d5 13. Nxb6 dxe4 14. Nxa8 Bxa8
15. Be2 O-O 16. f4 Nd5 17. Kb1 Nd7 18. c4 Nxe3 19. Qxe3 Rb8 20. Rd2 e5 21. g3
Nc5 22. Bd1 Nxb3 23. Bxb3 Bc5 24. Qc3 Bd4 25. Qc2 e3 26. Rdd1 Bxh1 27. Rxh1 Qb7
0-1

[Event "ECCC 2013"]
[Site "Rhodes"]
[Date "2013.10.21"]
[Round "2"]
[White "Aubry, Yannis"]
[Black "Buchanan, Walter F"]
[Result "1-0"]
[WhiteElo "2184"]
[BlackElo "2122"]
[PlyCount "51"]
[EventDate "2013.10.20"]
[EventType "team"]
[EventRounds "7"]
[EventCountry "GRE"]
[WhiteTeam "Sautron"]
[BlackTeam "Edinburgh West Chess Club"]

1. c4 e5 2. Nc3 Bb4 3. Nd5 Be7 4. Nf3 d6 5. d4 Nc6 6. e3 Nf6 7. b4 exd4 8. Nxe7
Qxe7 9. b5 Ne5 10. Nxd4 O-O 11. Be2 Ne4 12. Qc2 f5 13. O-O Bd7 14. Nf3 Ng4 15.
h3 Ngf6 16. Bb2 Rae8 17. Nd2 Nxd2 18. Qxd2 f4 19. Bf3 Ne4 20. Qd5+ Kh8 21. exf4
Rf5 22. Qd4 Rxf4 23. Rfe1 Bf5 24. Bxe4 Bxe4 25. f3 Rxf3 26. Rxe4 1-0

[Event "ECCC 2013"]
[Site "Rhodes"]
[Date "2013.10.21"]
[Round "2"]
[White "Gallant, Aurelien"]
[Black "Campbell, Alistair"]
[Result "1-0"]
[WhiteElo "2124"]
[BlackElo "2007"]
[PlyCount "51"]
[EventDate "2013.10.20"]
[EventType "team"]
[EventRounds "7"]
[EventCountry "GRE"]
[WhiteTeam "Sautron"]
[BlackTeam "Edinburgh West Chess Club"]

1. e4 e6 2. d4 d5 3. Nc3 Bb4 4. e5 c5 5. a3 Bxc3+ 6. bxc3 Ne7 7. Qg4 Qc7 8.
Qxg7 Rg8 9. Qxh7 cxd4 10. Ne2 Nbc6 11. f4 Bd7 12. Qd3 dxc3 13. Rb1 Nf5 14. Rg1
O-O-O 15. g4 Nh4 16. Rg3 Ne7 17. Be3 Kb8 18. Bf2 Nhg6 19. Qa6 Nc6 20. Rxc3 Ka8
21. Qxa7+ Nxa7 22. Rxc7 Bc6 23. h3 Rgf8 24. Bc5 Kb8 25. Bxf8 Rxf8 26. Rxc6 1-0

[Event "ECCC 2013"]
[Site "Rhodes"]
[Date "2013.10.21"]
[Round "2"]
[White "Palliser, Richard J D"]
[Black "Young, Alan"]
[Result "1-0"]
[WhiteElo "2455"]
[BlackElo "2029"]
[PlyCount "41"]
[EventDate "2013.10.20"]
[EventType "team"]
[EventRounds "7"]
[EventCountry "GRE"]
[WhiteTeam "White Rose"]
[BlackTeam "White Knights Chess Club"]

1. d4 d5 2. Bf4 c5 3. e3 Nc6 4. c3 Nf6 5. Nd2 e6 6. Ngf3 Be7 7. Bd3 O-O 8. Ne5
Re8 9. h4 Bf8 10. Qb1 h6 11. g4 Nxe5 12. dxe5 Nxg4 13. f3 Be7 14. fxg4 Bxh4+
15. Ke2 b6 16. Nf3 Be7 17. Bxh6 gxh6 18. Rxh6 Bg5 19. Qh1 Bxh6 20. Qxh6 Qd7 21.
Rh1 1-0

[Event "ECCC 2013"]
[Site "Rhodes"]
[Date "2013.10.21"]
[Round "2"]
[White "Hewitt, William"]
[Black "Van De Griendt, Jan Willem"]
[Result "0-1"]
[WhiteElo "2069"]
[BlackElo "2317"]
[PlyCount "70"]
[EventDate "2013.10.20"]
[EventType "team"]
[EventRounds "7"]
[EventCountry "GRE"]
[WhiteTeam "White Knights Chess Club"]
[BlackTeam "White Rose"]

1. e4 e6 2. d3 c5 3. Nf3 d5 4. Nbd2 Nc6 5. g3 g6 6. Bg2 Bg7 7. O-O Nge7 8. Re1
O-O 9. e5 f6 10. exf6 Bxf6 11. Nb3 b6 12. c3 e5 13. Bh6 Re8 14. Qd2 a5 15. Rad1
a4 16. Nc1 Ra7 17. Bg5 Bg7 18. h3 a3 19. b3 Rd7 20. Nh2 Rd6 21. f4 exf4 22.
Bxf4 Re6 23. Nf3 b5 24. Rxe6 Bxe6 25. b4 d4 26. cxd4 cxb4 27. Ng5 Bd5 28. Ne4
Rf8 29. Rf1 Qb6 30. Kh2 Qxd4 31. Rf2 Qb2 32. g4 Rxf4 33. Rxf4 Qxd2 34. Nxd2 Be5
35. Bxd5+ Nxd5 0-1

[Event "ECCC 2013"]
[Site "Rhodes"]
[Date "2013.10.21"]
[Round "2"]
[White "Townsend, M Paul"]
[Black "Garcia, Jason"]
[Result "1-0"]
[WhiteElo "2233"]
[BlackElo "2044"]
[PlyCount "101"]
[EventDate "2013.10.20"]
[EventType "team"]
[EventRounds "7"]
[EventCountry "GRE"]
[WhiteTeam "White Rose"]
[BlackTeam "White Knights Chess Club"]

1. d4 d5 2. c4 c6 3. Nf3 Nf6 4. e3 Bf5 5. Nc3 e6 6. Nh4 Bg6 7. Be2 Nbd7 8. O-O
Be7 9. g3 O-O 10. Nxg6 hxg6 11. b3 Re8 12. Bb2 Rc8 13. a3 a5 14. c5 b5 15. b4
axb4 16. axb4 Ra8 17. Nxb5 cxb5 18. Bxb5 Qc7 19. Qe2 Reb8 20. Ba3 Qc8 21. Rfc1
Ne8 22. Bd3 Ndf6 23. b5 Qd8 24. b6 Nd7 25. Bb4 Rxa1 26. Rxa1 Ra8 27. Rb1 Rb8
28. Ba6 Nc7 29. bxc7 Qxc7 30. Bd3 e5 31. Qa2 exd4 32. exd4 Nf6 33. Bd2 Rxb1+
34. Qxb1 Qd7 35. Qb5 Qg4 36. Be3 Qd1+ 37. Bf1 Ng4 38. Qe8+ Bf8 39. c6 Nxe3 40.
fxe3 Qc1 41. Kf2 Qc2+ 42. Kg1 Qc1 43. h3 g5 44. Qd7 Qe1 45. Kg2 Qd2+ 46. Kf3
Qd1+ 47. Kf2 Bb4 48. c7 Qd2+ 49. Kg1 Qxe3+ 50. Kh2 Qf2+ 51. Bg2 1-0

[Event "ECCC 2013"]
[Site "Rhodes"]
[Date "2013.10.21"]
[Round "2"]
[White "Buttell, David"]
[Black "Barrett, Stephen J"]
[Result "0-1"]
[WhiteElo "1901"]
[BlackElo "2216"]
[PlyCount "84"]
[EventDate "2013.10.20"]
[EventType "team"]
[EventRounds "7"]
[EventCountry "GRE"]
[WhiteTeam "White Knights Chess Club"]
[BlackTeam "White Rose"]

1. d4 Nf6 2. c4 g6 3. Nc3 Bg7 4. e4 d6 5. f3 O-O 6. Be3 Nbd7 7. Nh3 e5 8. d5
Nh5 9. Qd2 f5 10. Bd3 Ndf6 11. Ng1 Rf7 12. Nge2 c5 13. Qc2 f4 14. Bf2 Ne8 15.
Kd2 a6 16. a3 b5 17. cxb5 Rb7 18. bxa6 Rbb8 19. Rab1 Bxa6 20. Nc1 Qa5 21. Bxa6
Rxa6 22. Nd3 Qc7 23. Ke2 Nhf6 24. Rhc1 Nd7 25. Na2 Nb6 26. Kf1 Bf6 27. Kg1 Qd8
28. h3 Bh4 29. Bxh4 Qxh4 30. Qf2 Qd8 31. Qc2 Nc7 32. b4 c4 33. b5 cxd3 34. Qxc7
Qxc7 35. Rxc7 Rxa3 36. Nb4 Na4 37. Nc6 Nc3 38. Nxb8 Nxb1 39. Rc8+ Kg7 40. Rc7+
Kh6 41. Kf2 d2 42. Ke2 Re3+ 0-1

[Event "ECCC 2013"]
[Site "Rhodes"]
[Date "2013.10.21"]
[Round "2"]
[White "Guy, David"]
[Black "O'Driscoll, Kieran"]
[Result "0-1"]
[WhiteElo "1964"]
[BlackElo "2120"]
[PlyCount "71"]
[EventDate "2013.10.20"]
[EventType "team"]
[EventRounds "7"]
[EventCountry "GRE"]
[WhiteTeam "White Knights Chess Club"]
[BlackTeam "White Rose"]

1. d4 d5 2. c4 c6 3. Nf3 Nf6 4. Nc3 dxc4 5. a4 Na6 6. e3 Bg4 7. Bxc4 e6 8. O-O
Nb4 9. Qe2 Be7 10. Rd1 Qa5 11. e4 O-O 12. Be3 Rfd8 13. Bb3 Qh5 14. e5 Nfd5 15.
Ne4 Nxe3 16. fxe3 Qg6 17. Nf2 Nd5 18. Rac1 h5 19. Kh1 Qh6 20. Bxd5 Rxd5 21. Ne4
Rad8 22. h3 Bf5 23. Nc3 R5d7 24. e4 Bg6 25. Re1 h4 26. d5 cxd5 27. exd5 exd5
28. e6 Rc7 29. exf7+ Bxf7 30. Rcd1 Bf6 31. Nxd5 Rxd5 32. Rxd5 Bxd5 33. Qe8+ Kh7
34. Qe2 Qg6 35. Ne5 Bxe5 36. Qe4 0-1

[Event "ECCC 2013"]
[Site "Rhodes"]
[Date "2013.10.21"]
[Round "2"]
[White "Voss, Gunther"]
[Black "Makolli, Perparim"]
[Result "1-0"]
[WhiteElo "2154"]
[BlackElo "2251"]
[PlyCount "97"]
[EventDate "2013.10.20"]
[EventType "team"]
[EventRounds "7"]
[EventCountry "GRE"]
[WhiteTeam "SV Muelheim Nord 1931"]
[BlackTeam "Expik Kosova"]

1. e4 c5 2. Nf3 Nc6 3. d4 cxd4 4. Nxd4 Qb6 5. Nb3 Nf6 6. Nc3 e6 7. Qe2 d6 8. g4
h6 9. Be3 Qc7 10. O-O-O a6 11. f3 b5 12. h4 b4 13. Na4 Nd7 14. f4 Bb7 15. Qf2
Na5 16. Nb6 Nxb3+ 17. axb3 Nxb6 18. Bxb6 Qc6 19. f5 Be7 20. Rg1 Bxh4 21. Qxh4
Qxb6 22. fxe6 fxe6 23. Bc4 O-O 24. Bxe6+ Kh8 25. Bf5 Bxe4 26. Qg3 d5 27. Bxe4
dxe4 28. g5 Rad8 29. Rde1 Rde8 30. gxh6 Qxh6+ 31. Kb1 Rf5 32. Qg4 Rf4 33. Qg3
Qf6 34. Rh1+ Kg8 35. Qh3 Qf5 36. Qh8+ Kf7 37. Qh2 e3 38. Rhg1 e2 39. Qg2 Qe5
40. Qg6+ Ke7 41. Rg5 Qe4 42. Qxg7+ Kd6 43. Qa7 Rc8 44. Qb6+ Ke7 45. Rg7+ Ke8
46. Rg8+ Kd7 47. Qa7+ Kd6 48. Rxc8 Rf1 49. Rd8+ 1-0

[Event "ECCC 2013"]
[Site "Rhodes"]
[Date "2013.10.21"]
[Round "2"]
[White "Budima, Armend"]
[Black "Boemelburg, Raphael"]
[Result "1-0"]
[WhiteElo "2226"]
[BlackElo "1989"]
[PlyCount "103"]
[EventDate "2013.10.20"]
[EventType "team"]
[EventRounds "7"]
[EventCountry "GRE"]
[WhiteTeam "Expik Kosova"]
[BlackTeam "SV Muelheim Nord 1931"]

1. e4 e6 2. d4 d5 3. Nc3 Bb4 4. Qg4 Nf6 5. Qxg7 Rg8 6. Qh6 dxe4 7. Bg5 Rg6 8.
Bxf6 Qxf6 9. Qe3 Bd7 10. Nge2 Bc6 11. a3 Bxc3+ 12. Nxc3 Qg5 13. g3 Qxe3+ 14.
fxe3 Nd7 15. Bb5 Bxb5 16. Nxb5 Ke7 17. c4 c6 18. Nc3 f5 19. Ke2 h5 20. Kd2 Rd8
21. Ne2 Ne5 22. Nf4 Rg5 23. Kc3 Nf3 24. Rad1 h4 25. gxh4 Nxh4 26. Rhg1 Rdg8 27.
Rxg5 Rxg5 28. d5 cxd5 29. cxd5 exd5 30. Nxd5+ Kd6 31. Nf4+ Kc6 32. b4 Ng6 33.
Ne2 Ne5 34. Nd4+ Kb6 35. Rf1 Ng4 36. Rxf5 Rxf5 37. Nxf5 Nxh2 38. Nd6 Kc6 39.
Nxe4 Ng4 40. Kd4 Kb6 41. a4 Kc6 42. Nc3 a6 43. e4 Kd6 44. Nd1 Ne5 45. Nb2 Nc6+
46. Kc4 b5+ 47. axb5 axb5+ 48. Kxb5 Nd4+ 49. Kc4 Ke5 50. Kd3 Nc6 51. Nc4+ Kf4
52. b5 1-0

[Event "ECCC 2013"]
[Site "Rhodes"]
[Date "2013.10.21"]
[Round "2"]
[White "Grodotzki, Kenneth"]
[Black "Haskaj, Fatmir"]
[Result "0-1"]
[WhiteElo "1979"]
[BlackElo "2223"]
[PlyCount "96"]
[EventDate "2013.10.20"]
[EventType "team"]
[EventRounds "7"]
[EventCountry "GRE"]
[WhiteTeam "SV Muelheim Nord 1931"]
[BlackTeam "Expik Kosova"]

1. e4 c6 2. c4 e6 3. Nc3 d5 4. Nf3 d4 5. Ne2 c5 6. d3 Nc6 7. g3 Nf6 8. Bg2 Be7
9. O-O O-O 10. Ne1 e5 11. f4 a6 12. fxe5 Ng4 13. Nf3 Ngxe5 14. Nxe5 Nxe5 15. a3
g5 16. Kh1 b5 17. b3 bxc4 18. bxc4 Rb8 19. Ng1 Qa5 20. Qc2 Qb6 21. h3 Be6 22.
Nf3 Nxf3 23. Rxf3 Qb3 24. Ra2 Qxc2 25. Rxc2 Rb3 26. Bf1 Rfb8 27. Kg2 f5 28. e5
Kf7 29. Rcf2 Bd7 30. Rd2 Ke6 31. Rff2 Bd8 32. Kh2 Bc6 33. Bg2 Bxg2 34. Kxg2
Kxe5 35. Rfe2+ Kf6 36. Rb2 Bc7 37. Rbd2 Rb1 38. Rd1 Ba5 39. Rf2 Kg6 40. Rdf1
Re8 41. h4 h6 42. hxg5 hxg5 43. Rd1 Re3 44. Rf3 g4 45. Rf2 Be1 46. Bxe3 Rxd1
47. Bxd4 cxd4 48. Re2 Rd2 0-1

[Event "ECCC 2013"]
[Site "Rhodes"]
[Date "2013.10.21"]
[Round "2"]
[White "Fejzullahu, Afrim"]
[Black "Schlenter, Ruediger"]
[Result "1-0"]
[WhiteElo "2334"]
[BlackElo "1929"]
[PlyCount "67"]
[EventDate "2013.10.20"]
[EventType "team"]
[EventRounds "7"]
[EventCountry "GRE"]
[WhiteTeam "Expik Kosova"]
[BlackTeam "SV Muelheim Nord 1931"]

1. d4 d6 2. e4 g6 3. c4 Bg7 4. Nc3 e5 5. dxe5 dxe5 6. Qxd8+ Kxd8 7. Bg5+ f6 8.
O-O-O+ Bd7 9. Be3 Nh6 10. h3 Nc6 11. Be2 Ne7 12. f4 Nf7 13. fxe5 Nxe5 14. Nf3
Nxf3 15. gxf3 Kc8 16. h4 Be6 17. h5 Rd8 18. hxg6 Rxd1+ 19. Kxd1 hxg6 20. Rh7
Bf8 21. Bc5 Kd7 22. Nd5 Bxd5 23. cxd5 a6 24. Rf7 f5 25. e5 Ke8 26. Rf6 Rd8 27.
Bc4 b6 28. Ba3 b5 29. Bb3 a5 30. d6 b4 31. Ba4+ c6 32. Bxb4 axb4 33. Ke2 Rc8
34. e6 1-0

[Event "ECCC 2013"]
[Site "Rhodes"]
[Date "2013.10.21"]
[Round "2"]
[White "Efimov, Igor"]
[Black "Sanduleac, Vasile"]
[Result "1/2-1/2"]
[WhiteElo "2380"]
[BlackElo "2423"]
[PlyCount "80"]
[EventDate "2013.10.20"]
[EventType "team"]
[EventRounds "7"]
[EventCountry "GRE"]
[WhiteTeam "Cercle d'Echecs de Monte-Carlo"]
[BlackTeam "Adare"]

1. d4 c6 2. e4 d5 3. Nd2 dxe4 4. Nxe4 Bf5 5. Ng3 Bg6 6. Nf3 Nd7 7. h4 h6 8. h5
Bh7 9. Bd3 Bxd3 10. Qxd3 e6 11. Bf4 Qa5+ 12. Bd2 Bb4 13. c3 Be7 14. c4 Qc7 15.
O-O-O Ngf6 16. Kb1 O-O 17. Bc3 b5 18. Ne5 bxc4 19. Qxc4 Rac8 20. Ng6 Rfe8 21.
Nxe7+ Rxe7 22. Bb4 Nb6 23. Qc2 Rd7 24. Ne4 Nxe4 25. Qxe4 Nd5 26. Bc5 Qf4 27.
Qxf4 Nxf4 28. g3 Nd5 29. Rd3 Nf6 30. Re3 Ng4 31. Re2 Rb7 32. f3 Nf6 33. g4 Nd5
34. Rc1 Rd7 35. Rec2 Nf4 36. Re1 Nd3 37. Re4 Nxc5 38. Rxc5 Kf8 39. Kc2 Ke7 40.
Kc3 Kd6 1/2-1/2

[Event "ECCC 2013"]
[Site "Rhodes"]
[Date "2013.10.21"]
[Round "2"]
[White "Fox, Anthony"]
[Black "Nelis, Jean-Francois"]
[Result "0-1"]
[WhiteElo "2086"]
[BlackElo "2234"]
[PlyCount "102"]
[EventDate "2013.10.20"]
[EventType "team"]
[EventRounds "7"]
[EventCountry "GRE"]
[WhiteTeam "Adare"]
[BlackTeam "Cercle d'Echecs de Monte-Carlo"]

1. e4 e6 2. d3 d5 3. Nd2 Nf6 4. Ngf3 b6 5. c3 Be7 6. e5 Nfd7 7. d4 c5 8. Be2
Ba6 9. O-O Qc8 10. Re1 Bxe2 11. Qxe2 Qa6 12. Nf1 Qxe2 13. Rxe2 Nc6 14. Bf4 h6
15. h4 O-O-O 16. h5 Kb7 17. Rd1 c4 18. Ne3 b5 19. Ng4 Nb6 20. Kf1 Rc8 21. Be3
b4 22. cxb4 Nxb4 23. a3 Nc6 24. Bd2 Rb8 25. Rb1 Ka8 26. b4 Na4 27. Be1 a6 28.
Ne3 Na7 29. Nd1 Nb5 30. Re3 Bg5 31. Nxg5 hxg5 32. g4 Nxd4 33. Nc3 Nxc3 34. Bxc3
Nc6 35. Ree1 g6 36. hxg6 fxg6 37. Rbd1 Rh3 38. Bb2 Rh4 39. f3 Rh2 40. Bc1 Rf8
41. Kg1 Rh3 42. Bxg5 Rhxf3 43. Bf6 Rxa3 44. Ra1 Rxa1 45. Rxa1 Kb7 46. Kg2 c3
47. Rc1 d4 48. Kg3 Rf7 49. Kf4 Nxb4 50. Kg5 c2 51. Kxg6 Rc7 0-1

[Event "ECCC 2013"]
[Site "Rhodes"]
[Date "2013.10.21"]
[Round "2"]
[White "Meylan, Andre"]
[Black "Heinrich, Jan"]
[Result "1-0"]
[WhiteElo "2159"]
[BlackElo "2040"]
[PlyCount "95"]
[EventDate "2013.10.20"]
[EventType "team"]
[EventRounds "7"]
[EventCountry "GRE"]
[WhiteTeam "Cercle d'Echecs de Monte-Carlo"]
[BlackTeam "Adare"]

1. e4 c5 2. Nf3 Nc6 3. d4 cxd4 4. Nxd4 Nf6 5. Nc3 e5 6. Ndb5 d6 7. Nd5 Nxd5 8.
exd5 Nb8 9. Qf3 a6 10. Qa3 Be7 11. Bg5 f6 12. Bd2 O-O 13. Bb4 Bf5 14. Bxd6 Bxd6
15. Nxd6 Bxc2 16. Rc1 Bg6 17. Nxb7 Qb6 18. Nd6 a5 19. Nc8 Qb4+ 20. Qxb4 axb4
21. Ne7+ Kh8 22. Nxg6+ hxg6 23. Bc4 Nd7 24. Ke2 Nb6 25. Bb3 Rfd8 26. Rhd1 Rd6
27. Rc6 Rad8 28. Rxd6 Rxd6 29. g3 g5 30. Rc1 Kg8 31. Rc5 Kf8 32. Rb5 Ke7 33.
Rxb4 Nxd5 34. Rb7+ Ke8 35. Bxd5 Rxd5 36. Rxg7 Rb5 37. b3 Rb4 38. Ra7 Re4+ 39.
Kf3 Rd4 40. Rb7 f5 41. Rb5 g4+ 42. Kg2 Re4 43. a4 f4 44. gxf4 exf4 45. a5 Re1
46. Rb4 Rb1 47. a6 Ra1 48. Ra4 1-0

[Event "ECCC 2013"]
[Site "Rhodes"]
[Date "2013.10.21"]
[Round "2"]
[White "Thee, Bernd"]
[Black "Ribbegren, Karl Johan"]
[Result "0-1"]
[WhiteElo "2098"]
[BlackElo "2157"]
[PlyCount "54"]
[EventDate "2013.10.20"]
[EventType "team"]
[EventRounds "7"]
[EventCountry "GRE"]
[WhiteTeam "Adare"]
[BlackTeam "Cercle d'Echecs de Monte-Carlo"]

1. e4 c5 2. Nf3 g6 3. c3 d5 4. exd5 Qxd5 5. Qb3 Be6 6. Qc2 Nc6 7. Na3 Bg7 8.
Nc4 Nf6 9. Ne3 Qd6 10. Nc4 Qc7 11. Ne3 O-O 12. Ng5 Bd7 13. Bc4 Ne5 14. Be2 Bc6
15. d4 Ned7 16. Bd2 b6 17. h4 h6 18. Bd3 e5 19. Bxg6 fxg6 20. Qxg6 exd4 21. Ng4
Rae8+ 22. Kf1 Ne5 23. Nxf6+ Rxf6 24. Qh7+ Kf8 25. cxd4 Rxf2+ 26. Kxf2 Ng4+ 27.
Kf1 Bb5+ 0-1

[Event "ECCC 2013"]
[Site "Rhodes"]
[Date "2013.10.21"]
[Round "2"]
[White "Meylan, Pierre"]
[Black "O`donoghue, Denis J"]
[Result "1-0"]
[WhiteElo "2060"]
[BlackElo "1981"]
[PlyCount "81"]
[EventDate "2013.10.20"]
[EventType "team"]
[EventRounds "7"]
[EventCountry "GRE"]
[WhiteTeam "Cercle d'Echecs de Monte-Carlo"]
[BlackTeam "Adare"]

1. e4 c5 2. Nf3 Nc6 3. d4 cxd4 4. Nxd4 Nf6 5. Nc3 e5 6. Ndb5 d6 7. Nd5 Nxd5 8.
exd5 Ne7 9. c4 Ng6 10. Bd3 Be7 11. O-O f5 12. f3 O-O 13. Be3 a6 14. Nc3 Bd7 15.
b4 Rc8 16. Rc1 Bg5 17. Qd2 Bxe3+ 18. Qxe3 Nf4 19. Kh1 Kh8 20. Rfd1 b5 21. c5
dxc5 22. bxc5 b4 23. Bxa6 Ra8 24. Bb7 Ra3 25. Qxe5 Ng6 26. Qd4 bxc3 27. c6 Bc8
28. Bxc8 Qxc8 29. Rxc3 Rxc3 30. Qxc3 Ne7 31. Qc5 Qc7 32. Re1 Ng6 33. d6 Qd8 34.
Rc1 Rf7 35. c7 Qc8 36. Rb1 Rf8 37. Rb8 Qxb8 38. cxb8=Q Rxb8 39. h3 f4 40. d7
Rb1+ 41. Kh2 1-0

[Event "ECCC 2013"]
[Site "Rhodes"]
[Date "2013.10.21"]
[Round "2"]
[White "Welz, Thomas"]
[Black "Salihu, Sami"]
[Result "0-1"]
[WhiteElo "2207"]
[BlackElo "2215"]
[PlyCount "70"]
[EventDate "2013.10.20"]
[EventType "team"]
[EventRounds "7"]
[EventCountry "GRE"]
[WhiteTeam "Chess Club Eppingen"]
[BlackTeam "Istogu Chess Club"]

1. Nf3 c5 2. g3 Nc6 3. Bg2 e5 4. O-O f5 5. d3 d5 6. c3 Nf6 7. Bg5 Be7 8. Nbd2
Be6 9. Qa4 O-O 10. e4 fxe4 11. dxe4 d4 12. Bxf6 Bxf6 13. Rad1 a6 14. Qa3 Be7
15. c4 b5 16. b3 g5 17. Ne1 Bd6 18. Nd3 Nb4 19. Nxb4 cxb4 20. Qb2 Qd7 21. Rc1
Rac8 22. Qb1 a5 23. Qd3 bxc4 24. Nxc4 Qb5 25. Rfd1 Bxc4 26. Rxc4 Rxc4 27. bxc4
Qa4 28. Qb3 Qxb3 29. axb3 Bc5 30. Bf1 d3 31. Rd2 Rxf2 32. Rxf2 d2 33. Be2 a4
34. bxa4 b3 35. Kg2 Bxf2 0-1